000 00590nam a2200241Ia 4500
008 171120s9999 xx 000 0 und d
020 _a9.780716602e+012
050 _a423
050 _bW927ak 2011
100 _aWorld Book, Inc.
245 _aWorld book dictionary A-K /
245 _cby World Book, Inc.
260 _aChicago :
260 _bWorld Book Inc.,
260 _c2011
300 _a1166 pages :
300 _billustrations ;
300 _c28cm.
650 _aEnglish language --
650 _aEnglish language.
650 _xDictionaries.
700 _aTitle.
999 _c345141
_d345141